000 00967cam a2200277 i 4500
001 817058
003 EG-ScBUE
005 20260106100759.0
008 760704r1977 nyuaf 001 0 eng
020 _a0442226462
040 _aDLC
_beng
_erda
_cDLC
_dDLC
_dEG-ScBUE
082 0 4 _a510.3
_222
_bVNR
130 0 _aMathematik.
_lEnglish.
_97482
245 0 4 _aThe VNR Concise Encyclopedia of Mathematics /
_ceditors W. Gellert [and three others]
264 1 _aNew York :
_bVan Nostrand Reinhold Co.,
_c1977.
300 _a760 pages, [28] leaves of plates :
_billustrations ;
_c24 cm
336 _2rdacontent
_atext
_btxt
337 _aunmediated
_2rdamedia
_bn
338 _avolume
_bnc
_2rdacarrier
500 _aPreviously published under title: Mathematics at a glance.
500 _aIncludes index.
650 7 _aMathematics
_xHandbooks, manuals, etc.
_2BUEsh
_97483
655 _vReading book
700 1 _aGellert, Walter,
_eeditor.
_97484
942 _2ddc
_cREFERENCE
999 _c12179
_d12179